000
00287nam a22001337a 4500
020
_a
978-0198545385
041
_a
ENG
100
_a
Greenland D.J
245
_a
Characterization Of Soil
260
_a
Delhi
_b
Oxford
_c
1981
300
_a
446
650
_a
SWCE (06)
856
_u
SWCE (06)
999
_c
2913
_d
2913